Arte hispanoamericano en canarias (Record no. 1135)

MARC details
000 -CABECERA
campo de control de longitud fija 00966nam a2200181 a 4500
001 - NÚMERO DE CONTROL
campo de control BRCA_1266
005 - FECHA Y HORA DE LA ÚLTIMA TRANSACCIÓN
campo de control 20190320203343.0
008 - DATOS DE LONGITUD FIJA--INFORMACIÓN GENERAL
campo de control de longitud fija 101105s1992----sp-a---###---#000-0#spa-d
050 #4 - SIGNATURA TOPOGRÁFICA DE LA BIBLIOTECA DEL CONGRESO
Número de clasificación N7901
Número de documento/Ítem .R63 1992
245 10 - MENCIÓN DE TÍTULO
Título Arte hispanoamericano en canarias
Mención de responsabilidad, etc. texto y fotografías Margarita Rodríguez González.
260 ## - PUBLICACIÓN, DISTRIBUCIÓN, ETC.
Lugar de publicación, distribución, etc. España
Nombre del editor, distribuidor, etc. Comisión del V Centenario del descubrimiento de América : Instituto de Estudios Hispánicos de Canarias : Diócesis de Tenerife : Santa Cruz de Tenerife
Fecha de publicación, distribución, etc. 1992
300 ## - DESCRIPCIÓN FÍSICA
Extensión 66 p.
Otras características físicas il. (algunas a color)
Dimensiones 23 cm.
500 ## - NOTA GENERAL
Nota general Catálogo de la exposición realizada en el Seminario Diocesano de la Laguna, 4 mayo - 12 junio, 1992 y en la Iglesia de San Francisco (Puerto de la Cruz), 2 julio - 12 octubre, 1992
650 14 - PUNTO DE ACCESO ADICIONAL DE MATERIA--TÉRMINO DE MATERIA
Término de materia o nombre geográfico como elemento de entrada Arte cristiano y simbolismo
Subdivisión general Imágenes
Subdivisión geográfica España (Canarias)
9 (RLIN) 4169
650 14 - PUNTO DE ACCESO ADICIONAL DE MATERIA--TÉRMINO DE MATERIA
Término de materia o nombre geográfico como elemento de entrada Arte hispanoamericano
Subdivisión de forma Catálogos
Subdivisión general Imágenes
Subdivisión geográfica España
9 (RLIN) 4170
700 1# - PUNTO DE ACCESO ADICIONAL--NOMBRE DE PERSONA
Nombre de persona Rodríguez González, Margarita
9 (RLIN) 2579
942 ## - ELEMENTOS DE PUNTO DE ACCESO ADICIONAL (KOHA)
Fuente del sistema de clasificación o colocación Library of Congress Classification
Tipo de ítem Koha Libros
Holdings
Estado de retiro Estado de pérdida Estado dañado No para préstamo Localización permanente Ubicación/localización actual Fecha de adquisición Total de préstamos Signatura topográfica completa Código de barras Fecha visto por última vez Precio válido a partir de Tipo de ítem Koha
El ejemplar forma parte de la colección y puede ser consultado según las políticas vigentes.       Biblioteca del Museo Franz Mayer (Rogerio Casas-Alatriste) Biblioteca del Museo Franz Mayer (Rogerio Casas-Alatriste) 26/06/2008   N7901 .R63 1992 01768 22/03/2019 22/03/2019 Libros